000 00488nam a2200169Ia 4500
008 240729s9999 xx 000 0 und d
022 _a2657-4489
245 0 _aTranslational Research in Veterinary Science
260 _aPoland
260 _bNicolaus Copernicus University in Toruń
650 _a Animal culture
650 _a Veterinary medicine
650 _aAgriculture
856 _uhttps://doaj.org/toc/1844100fe8c84fbf918fc478835238c9
942 _2ddc
942 _cDOAJEJ
999 _c73330
_d73330
945 _a1
_bMadushi Gamage
_c1
_dMadushi Gamage